[Event "Canada vs. England"]
[Site "CCCA"]
[Date "2007.01.22"]
[Round "2"]
[White "Jones, Mrs. Mary E."]
[Black "Egan, Michael"]
[Result "1/2-1/2"]
[WhiteElo "2266"]
[BlackElo "2019"]
[EventDate "2007.01.22"]
[Board "14"]
[WhiteTeam "England"]
[BlackTeam "Canada"]

1.Nf3 Nf6 2.c4 e6 3.Nc3 d5 4.d4 c5 5.cxd5 Nxd5 6.e4 Nxc3 7.bxc3 cxd4 8.
cxd4 Bb4+ 9.Bd2 Bxd2+ 10.Qxd2 O-O 11.Bc4 Nc6 12.O-O b6 13.Rad1 Bb7 14.Rfe1
Rc8 15.d5 Na5 16.Bd3 Qe7 17.dxe6 fxe6 18.Bf1 Qf6 19.Qg5 Rcd8 20.Rxd8 Rxd8 
21.Qg3 Qe7 22.Rc1 Bc6 23.h3 h6 24.Qg4 e5 25.Rc2 Re8 26.Bd3 Qf6 27.Rc3 
1/2-1/2

[Event "Canada vs. England"]
[Site "CCCA"]
[Date "2007.01.22"]
[Round "1"]
[White "Giroux, Marc"]
[Black "Evans, Dr. Gordon R."]
[Result "0-1"]
[WhiteElo "2010"]
[BlackElo "2296"]
[EventDate "2007.01.22"]
[Board "15"]
[WhiteTeam "Canada"]
[BlackTeam "England"]

1.d4 Nf6 2.Nf3 e6 3.e3 b6 4.c4 Bb7 5.Bd3 g6 6.O-O Bg7 7.Nc3 d5 8.cxd5 Nxd5
9.e4 Nxc3 10.bxc3 O-O 11.Bg5 Qc8 12.Qd2 Nd7 13.Bh6 c5 14.Bxg7 Kxg7 15.Qf4 
cxd4 16.cxd4 Qc3 17.Rfd1 Rac8 18.Rac1 Qa3 19.Rxc8 Rxc8 20.Ng5 Qe7 21.Qd2 
h6 22.Nf3 Nf6 23.Re1 Qa3 24.h3 Qc3 25.Qe2 b5 26.Bb1 Rc4 27.Bd3 Ra4 28.Rd1 
Ra5 29.Bb1 b4 30.Rd3 Qc8 31.Rd1 Ra3 32.Re1 Ba6 33.Qd1 Qc4 34.Kh2 Bb5 35.
Kg1 Qc3 36.Qd2 a5 37.Re3 Qxd2 38.Nxd2 Rxe3 39.fxe3 a4 40.Kf2 Nd7 41.h4 Nb6
42.Bc2 f5 43.exf5 exf5 44.h5 b3 45.axb3 a3 46.b4 Nd5 47.hxg6 a2 48.Nb3 Ba4
49.Na1 Bxc2 50.Nxc2 Nxb4 51.Na1 Kxg6 52.Kf3 Kg5 53.g3 h5 54.Kf2 Kg4 55.Kg2
Nd5 56.Nc2 Nf6 57.Na1 Ne4 58.d5 Kg5 59.Kf3 Kf6 60.Kf4 Nc5 61.d6 Ne6+ 62.
Kf3 Ng5+ 63.Kf4 Nh3+ 64.Kf3 Ke6 65.d7 Kxd7 66.Nc2 Kd6 67.Ke2 Ng5 68.Kd1 
Ne4 69.Kc1 Nxg3 70.Kb2 h4 71.Nd4 h3 72.Nf3 Nf1 73.Kxa2 h2 74.Nxh2 Nxh2 75.
Kb2 Ke5 76.Kc3 Ke4 77.Kd2 Ng4 78.Kc3 Kxe3 0-1

[Event "Canada vs. England"]
[Site "CCCA"]
[Date "2007.01.22"]
[Round "2"]
[White "Evans, Dr. Gordon R."]
[Black "Giroux, Marc"]
[Result "1-0"]
[WhiteElo "2296"]
[BlackElo "2010"]
[EventDate "2007.01.22"]
[Board "15"]
[WhiteTeam "England"]
[BlackTeam "Canada"]

1.e4 c5 2.Nf3 d6 3.d4 cxd4 4.Nxd4 Nf6 5.Nc3 g6 6.Be3 Bg7 7.f3 Nc6 8.Qd2 
O-O 9.Bc4 Bd7 10.O-O-O Qa5 11.Bb3 Rfc8 12.h4 Ne5 13.g4 Rc4 14.g5 Nh5 15.f4
Rxd4 16.Qxd4 Ng4 17.e5 Ng3 18.Rhe1 Nf5 19.Qd5 Qxd5 20.Nxd5 e6 21.Bg1 exd5 
22.Bxd5 Rb8 23.Bxa7 Ra8 24.Bg1 Bf8 25.exd6 Bxd6 26.Bf3 Be6 27.Rxe6 fxe6 
28.Bxg4 Bxf4+ 29.Kb1 Rf8 30.Bf2 Rf7 31.Rd3 e5 32.Bf3 Kg7 33.Bd5 Rd7 34.c4 
Nd4 35.Bxd4 exd4 36.Rxd4 1-0

[Event "Canada vs. England"]
[Site "CCCA"]
[Date "2007.01.22"]
[Round "1"]
[White "Zehr, Leonard"]
[Black "Mason, Ian J."]
[Result "1/2-1/2"]
[WhiteElo "1994"]
[BlackElo "2237"]
[EventDate "2007.01.22"]
[Board "16"]
[WhiteTeam "Canada"]
[BlackTeam "England"]

1.d4 Nf6 2.c4 g6 3.Nc3 d5 4.cxd5 Nxd5 5.e4 Nxc3 6.bxc3 Bg7 7.Nf3 c5 8.Be3 
Qa5 9.Qd2 Nc6 10.Rb1 a6 11.Rc1 cxd4 12.cxd4 Qxd2+ 13.Kxd2 f5 14.Bd3 Rf8 
15.exf5 Bxf5 16.Rhd1 Rd8 17.Bxa6 Nxd4 18.Bxd4 Bh6+ 19.Ke2 bxa6 20.Be3 Rxd1
21.Rxd1 Bg7 22.Bd4 Bh6 23.Be3 1/2-1/2

[Event "Canada vs. England"]
[Site "CCCA"]
[Date "2007.01.22"]
[Round "2"]
[White "Mason, Ian J."]
[Black "Zehr, Leonard"]
[Result "1-0"]
[WhiteElo "2237"]
[BlackElo "1994"]
[EventDate "2007.01.22"]
[Board "16"]
[WhiteTeam "England"]
[BlackTeam "Canada"]

1.d4 Nf6 2.c4 e6 3.Nf3 d5 4.g3 Be7 5.Bg2 O-O 6.O-O c6 7.Qc2 Nbd7 8.Nbd2 b5
9.c5 a5 10.e4 dxe4 11.Nxe4 Nxe4 12.Qxe4 Bb7 13.Bd2 Nf6 14.Qc2 Nd5 15.Rfe1 
Bf6 16.a4 b4 17.Ne5 Qc7 18.Be4 h6 19.Bg2 Ba6 20.Rad1 Bxe5 21.Rxe5 Rad8 22.
Re4 Rfe8 23.h3 Qe7 24.Qb3 Nf6 25.Rh4 Nd5 26.Bf4 Nxf4 27.Rxf4 Qd7 28.Re1 
Re7 29.Rg4 g5 30.Rge4 Rde8 31.Qf3 Kg7 32.b3 f6 33.Qe3 Kf7 34.f4 Kg8 35.Kh2
Bc8 36.Rf1 Rf7 37.Rf2 Rd8 38.fxg5 fxg5 39.Rxf7 Qxf7 40.Re5 Qd7 41.Qf3 Rf8 
42.Qxc6 Qxc6 43.Bxc6 Rf2+ 44.Kg1 Rb2 45.d5 Kf7 46.d6 Rxb3 47.d7 1-0

[Event "Canada vs. England"]
[Site "CCCA"]
[Date "2007.01.22"]
[Round "1"]
[White "Ulrich, Peter"]
[Black "Grayland, Stan J."]
[Result "0-1"]
[WhiteElo "1973"]
[BlackElo "2224"]
[EventDate "2007.01.22"]
[Board "17"]
[WhiteTeam "Canada"]
[BlackTeam "England"]

1.d4 d5 2.c4 dxc4 3.e4 Nc6 4.Nf3 Bg4 5.d5 Ne5 6.Nbd2 e6 7.Qa4+ Qd7 8.Qxd7+
Nxd7 9.dxe6 Bxe6 10.Nd4 Ne5 11.Nxe6 fxe6 12.Nxc4 Bb4+ 13.Bd2 Bxd2+ 14.Kxd2
Rd8+ 15.Kc3 Nc6 16.Ne3 Nf6 17.f3 Ke7 18.Bb5 Nd4 19.Bd3 Rd7 20.Rad1 e5 21.
Rd2 b5 22.h4 c5 23.b3 a6 24.Rhd1 Rb8 25.Rf2 Nh5 26.Nd5+ Kd6 27.Re1 Ke6 28.
f4 exf4 29.Nxf4+ Nxf4 30.Rxf4 c4 31.bxc4 b4+ 32.Kd2 Nc6 33.Ke2 b3 34.axb3 
Rxb3 35.Rd1 Rb2+ 36.Ke3 Nb4 37.Rf3 Rxg2 38.c5 Ke7 39.Bf1 Nc2+ 40.Kf4 Rxd1 
41.Bxg2 Nd4 42.Ra3 Ne6+ 43.Ke3 Nxc5 44.Bf3 Rb1 45.Kd4 Rb3 46.Rxb3 Nxb3+ 
47.Kd5 Nd2 48.Bd1 Nb1 49.Bc2 Nc3+ 50.Kc5 g6 51.Kd4 Nb5+ 0-1

[Event "Canada vs. England"]
[Site "CCCA"]
[Date "2007.01.22"]
[Round "2"]
[White "Grayland, Stan J."]
[Black "Ulrich, Peter"]
[Result "1-0"]
[WhiteElo "2224"]
[BlackElo "1973"]
[EventDate "2007.01.22"]
[Board "17"]
[WhiteTeam "England"]
[BlackTeam "Canada"]

1.e4 c5 2.Nf3 a6 3.c3 e6 4.d4 d5 5.e5 Bd7 6.Bd3 cxd4 7.Nxd4 Ne7 8.Nd2 Nbc6
9.N2f3 Ng6 10.Nxc6 Bxc6 11.h4 Qc7 12.Qe2 Be7 13.h5 Nf8 14.h6 g6 15.Bg5 
Bxg5 16.Nxg5 Nd7 17.f4 Nc5 18.Bc2 O-O-O 19.Qe3 Ne4 20.O-O Nxg5 21.fxg5 Rd7
22.Rf4 Qd8 23.Rb4 Kb8 24.Rd1 Qe7 25.Bd3 a5 26.Rg4 Rc8 27.Rf1 Qd8 28.Rf6 
Rdc7 29.a4 Be8 30.Bb5 Re7 31.Bxe8 Qxe8 32.Rgf4 Rc4 33.Rxc4 dxc4 34.Qc5 Rc7
35.Qd6 Kc8 36.Rf4 Qd8 37.Rd4 1-0

[Event "Canada vs. England"]
[Site "CCCA"]
[Date "2007.01.22"]
[Round "1"]
[White "Basque, Roland"]
[Black "Rawlings, Alan J. C."]
[Result "1/2-1/2"]
[WhiteElo "1955"]
[BlackElo "2213"]
[EventDate "2007.01.22"]
[Board "18"]
[WhiteTeam "Canada"]
[BlackTeam "England"]

1.d4 Nf6 2.Nc3 d5 3.Bg5 c6 4.e3 Qb6 5.Rb1 Ne4 6.Nxe4 dxe4 7.Qd2 Bf5 8.Ne2 
h6 9.Bh4 Nd7 10.c4 e5 11.c5 Qc7 12.b4 g5 13.Bg3 Bg7 14.d5 O-O 15.Nc3 a5 
16.a3 axb4 17.axb4 b6 18.dxc6 Qxc6 19.Bb5 Qe6 20.c6 Nf6 21.O-O Rfd8 22.Qc2
Bf8 23.Rfd1 Rxd1+ 24.Qxd1 Be7 25.Qe2 Bd8 26.Qf1 Bc7 27.Ra1 Rxa1 28.Qxa1 
Kg7 29.Ba4 Bb8 30.Qa3 Qd6 31.h3 Be6 32.Qb2 Bc4 33.b5 Bc7 34.Bd1 Qc5 35.Be2
Bd3 36.Na4 Qd6 37.Nxb6 Bxe2 38.Qxe2 Bxb6 39.Qb2 Kg6 40.Bxe5 Qd1+ 41.Kh2 
Qd8 42.g3 Nd5 1/2-1/2

[Event "Canada vs. England"]
[Site "CCCA"]
[Date "2007.01.22"]
[Round "2"]
[White "Rawlings, Alan J. C."]
[Black "Basque, Roland"]
[Result "1/2-1/2"]
[WhiteElo "2213"]
[BlackElo "1955"]
[EventDate "2007.01.22"]
[Board "18"]
[WhiteTeam "England"]
[BlackTeam "Canada"]

1.d4 d5 2.c4 c6 3.Nf3 Nf6 4.Nc3 a6 5.Ne5 Nbd7 6.Bf4 dxc4 7.Nxc4 b5 8.Ne5 
Bb7 9.e3 e6 10.Be2 c5 11.O-O Nxe5 12.Bxe5 cxd4 13.Bxd4 Be7 14.f4 O-O 15.
Bf3 Bxf3 16.Qxf3 b4 17.Na4 Qd5 18.Qxd5 Nxd5 19.e4 Nf6 20.Bc5 1/2-1/2

[Event "Canada vs. England"]
[Site "CCCA"]
[Date "2007.01.22"]
[Round "1"]
[White "Bourgoin, Claude"]
[Black "Wharam, Dr. John"]
[Result "0-1"]
[WhiteElo "1883"]
[BlackElo "2168"]
[EventDate "2007.01.22"]
[Board "19"]
[WhiteTeam "Canada"]
[BlackTeam "England"]

1.d4 Nf6 2.Nf3 d5 3.e3 e6 4.Bd3 c5 5.b3 Nc6 6.O-O Bd6 7.dxc5 Bxc5 8.Bb2 
Qe7 9.Nbd2 e5 10.Bb5 e4 11.Ne5 Qc7 12.c4 O-O 13.Bxc6 bxc6 14.cxd5 cxd5 15.
Rc1 Qb6 16.Qc2 Bd6 17.Bd4 Qa6 18.Qc6 Bb7 19.Qxa6 Bxa6 20.Rfd1 Ba3 21.Rc6 
Be2 22.Rb1 Bb5 23.Bc5 Bxc6 24.Bxf8 Kxf8 25.Nxc6 a5 26.Nf1 Rc8 27.Nd4 Bd6 
28.Ng3 Ng4 29.Rd1 g6 30.Nf1 Bb4 31.f3 Ne5 32.Ng3 h5 33.Nge2 Nd3 34.Kf1 Bd6
35.Kg1 Be5 36.g3 Ke8 37.Kg2 f5 38.h4 Kf7 39.Rd2 Bxd4 40.Nxd4 Rc1 41.Re2 
Rd1 42.fxe4 fxe4 43.Nc6 Ke6 44.Nxa5 Kd7 45.Kh3 Rc1 46.g4 Rh1+ 47.Kg2 Rxh4 
48.gxh5 gxh5 49.a3 Rg4+ 50.Kh3 Rg1 51.Kh2 Ra1 52.a4 Ne1 53.Kg3 Nf3 0-1

[Event "Canada vs. England"]
[Site "CCCA"]
[Date "2007.01.22"]
[Round "2"]
[White "Wharam, Dr. John"]
[Black "Bourgoin, Claude"]
[Result "1-0"]
[WhiteElo "2168"]
[BlackElo "1883"]
[EventDate "2007.01.22"]
[Board "19"]
[WhiteTeam "England"]
[BlackTeam "Canada"]

1.d4 Nf6 2.c4 e6 3.Nc3 Bb4 4.Qc2 d5 5.cxd5 exd5 6.Bg5 h6 7.Bh4 O-O 8.e3 
Be6 9.a3 Bxc3+ 10.Qxc3 g5 11.Bg3 c6 12.f3 Bf5 13.Bf2 Nbd7 14.Ne2 Bg6 15.g4
Qe7 16.h4 Rfe8 17.Qd2 Rac8 18.Nc3 c5 19.Be2 b6 20.Rd1 c4 21.hxg5 hxg5 22.
Kf1 Nf8 23.Kg2 Kg7 24.Rh3 a6 25.Rdh1 b5 26.Kg1 N8h7 27.Bd1 Qe6 28.Bc2 Bxc2
29.Qxc2 Nf8 30.Ne2 Ng6 31.Ng3 Nh4 32.Rxh4 gxh4 33.Nf5+ Kf8 34.Rxh4 Ng8 35.
Bg3 Red8 36.Rh8 Qg6 37.Qc3 Ke8 38.Qb4 1-0

[Event "Canada vs. England"]
[Site "CCCA"]
[Date "2007.01.22"]
[Round "1"]
[White "Fortin, Michel"]
[Black "Beckett, Philip"]
[Result "0-1"]
[WhiteElo "1815"]
[BlackElo "2139"]
[EventDate "2007.01.22"]
[Board "20"]
[WhiteTeam "Canada"]
[BlackTeam "England"]

1.c3 Nf6 2.g3 d5 3.Bg2 e5 4.d3 Nc6 5.Nf3 Be7 6.O-O O-O 7.Nbd2 Re8 8.Qc2 
Be6 9.e4 d4 10.Re1 a5 11.a4 Nd7 12.cxd4 exd4 13.Nc4 Nc5 14.Bd2 Nb4 15.Bxb4
axb4 16.b3 Bf8 17.Nfd2 Ra6 18.f4 Bg4 19.Nf3 Rh6 20.Nfe5 Be6 21.f5 Bxc4 22.
Nxc4 Qf6 23.Rf1 Nd7 24.Rae1 c6 25.a5 Ne5 26.Bf3 Ra8 27.Ra1 Ra7 28.Nb6 Ra6 
29.Ra2 Bd6 30.Be2 Qd8 31.Rfa1 Be7 32.Ra4 Qe8 33.R1a2 Bf8 34.Qc1 Qe7 35.Nc8
Qd8 36.Nb6 Qf6 37.Kg2 Qd6 38.Nc8 Qd8 39.Nb6 Be7 40.Qe1 c5 41.Nd5 Bf8 42.h3
Bd6 43.Qd2 Nc6 44.Qe1 Nxa5 45.Bd1 b5 0-1

[Event "Canada vs. England"]
[Site "CCCA"]
[Date "2007.01.22"]
[Round "2"]
[White "Beckett, Philip"]
[Black "Fortin, Michel"]
[Result "1-0"]
[WhiteElo "2139"]
[BlackElo "1815"]
[EventDate "2007.01.22"]
[Board "20"]
[WhiteTeam "England"]
[BlackTeam "Canada"]

1.e4 g6 2.d4 Bg7 3.Nc3 d6 4.Nf3 Nf6 5.Be2 O-O 6.O-O c6 7.Re1 Qc7 8.Bf4 Nh5
9.Bg5 e5 10.Qd2 Re8 11.Rad1 Nd7 12.d5 c5 13.Nb5 Qb8 14.a4 a6 15.Na3 b6 16.
h3 Ndf6 17.Bd3 Qc7 18.b4 Nf4 19.Bxf4 exf4 20.Nc4 Bb7 21.Qxf4 Rad8 22.bxc5 
bxc5 23.Rb1 Bc8 24.Rb6 Nh5 25.Qd2 Nf6 26.a5 Bf8 27.Rc6 Qa7 28.c3 Bb7 29.
Rb6 Nd7 30.Rxd6 Bxd6 31.Nxd6 Re7 32.Bc4 Qb8 33.Nxb7 Qxb7 34.e5 Nf8 35.d6 
Ree8 36.Ng5 Ne6 37.Ne4 Kg7 38.Bxe6 fxe6 39.Nxc5 Qb5 40.Qd4 h6 41.c4 Qc6 
42.Rb1 1-0

[Event "Canada vs. England"]
[Site "CCCA"]
[Date "2007.01.22"]
[Round "1"]
[White "Carter, Maurice"]
[Black "Blake, Michael"]
[Result "0-1"]
[WhiteElo "1594"]
[BlackElo "1999"]
[EventDate "2007.01.22"]
[Board "23"]
[WhiteTeam "Canada"]
[BlackTeam "England"]

1.e4 c6 2.d4 d5 3.exd5 cxd5 4.Bd3 Nc6 5.c3 Nf6 6.Bf4 e6 7.h3 Bd6 8.Bxd6 
Qxd6 9.Nf3 Bd7 10.Nbd2 O-O 11.Qc2 Rac8 12.a3 e5 13.dxe5 Nxe5 14.O-O Nxd3 
15.Qxd3 Rfe8 16.Qd4 b6 17.Rfe1 Bf5 18.Rxe8+ Rxe8 19.Re1 Rxe1+ 20.Nxe1 h6 
21.Nef3 Be6 22.Nf1 Ne4 23.N3d2 Qf4 24.Nxe4 Qxe4 25.Qxe4 dxe4 26.Ne3 f5 27.
Kf1 Kf7 28.Nc2 g5 29.Nd4 Bd7 30.Ke2 Kf6 31.Ke3 Ke5 32.Ke2 f4 33.f3 e3 34.
Kd3 h5 35.Ke2 a5 36.Kd3 Be8 37.Ke2 a4 38.Kd3 Bg6+ 39.Ke2 Kd5 40.b3 axb3 
41.Nxb3 Kc4 42.Nd4 Kxc3 43.Ne6 Bd3+ 44.Ke1 Bc4 45.Nxg5 Kb3 46.Ne4 Kxa3 47.
g4 hxg4 48.hxg4 b5 0-1

[Event "Canada vs. England"]
[Site "CCCA"]
[Date "2007.01.22"]
[Round "2"]
[White "Blake, Michael"]
[Black "Carter, Maurice"]
[Result "1-0"]
[WhiteElo "1999"]
[BlackElo "1594"]
[EventDate "2007.01.22"]
[Board "23"]
[WhiteTeam "England"]
[BlackTeam "Canada"]

1.e4 e6 2.d4 d5 3.e5 c5 4.c3 Qb6 5.Nf3 Nc6 6.a3 c4 7.Nbd2 Bd7 8.Be2 f6 9.
O-O fxe5 10.Nxe5 Nxe5 11.dxe5 Bc5 12.Rb1 Qc7 13.b3 cxb3 14.Nxb3 Bb6 15.c4 
Ne7 16.c5 Bxc5 17.Nxc5 Qxc5 18.Rxb7 Bc6 19.Be3 Qxa3 20.Rb3 Qa2 21.Bc5 Ba4 
22.Bb5+ Bxb5 23.Rxb5 Qc4 24.Qb1 Kf7 25.Bxe7 Kxe7 26.Rb7+ Kd8 27.Rxg7 Qc8 
28.Qb4 1-0

[Event "Canada vs. England"]
[Site "CCCA"]
[Date "2007.01.22"]
[Round "1"]
[White "Selby, Robin"]
[Black "Wood, Ben A."]
[Result "0-1"]
[WhiteElo "1420"]
[BlackElo "1655"]
[EventDate "2007.01.22"]
[Board "26"]
[WhiteTeam "Canada"]
[BlackTeam "England"]

1.d4 d5 2.Bf4 Nf6 3.Nc3 e6 4.e3 c5 5.Bxb8 Rxb8 6.Nf3 Bd6 7.g3 O-O 8.Bh3 a6
9.O-O h6 10.Re1 Bd7 11.b3 Qc7 12.Kg2 cxd4 13.Qxd4 Rbc8 14.b4 Qxc3 15.Qxc3 
Rxc3 16.Re2 Bxb4 17.Rb1 Bb5 18.Ree1 Be7 19.Kg1 Rfc8 20.Nd4 Ba4 21.Rxb7 Ba3
22.Re2 Bxc2 23.Nxc2 Rxc2 24.Bf1 Rxe2 25.Bxe2 a5 26.h3 Ne4 27.Kg2 Nc3 28.
Ba6 Rd8 29.Rb3 Bb4 30.a3 Bd6 31.Rxc3 Ra8 32.Rc6 Bxa3 33.g4 Bb4 34.Kf3 a4 
35.h4 a3 36.Bb7 a2 37.Bxa8 a1=Q 38.Rc8+ Kh7 39.Bb7 Qf6+ 40.Ke2 Qxh4 41.Rc1
Qxg4+ 42.Kd3 Qe4+ 43.Ke2 Qg4+ 44.Kd3 Qf5+ 45.Ke2 Qe4 46.Ba6 d4 47.Bd3 f5 
48.Bxe4 fxe4 49.exd4 Kg6 50.Ke3 Kf5 51.Rc4 Be7 52.Ke2 h5 53.Rc7 Bf6 54.
Rc5+ Kg4 55.Rc3 Bxd4 56.f3+ exf3+ 57.Rxf3 h4 58.Rf7 g6 59.Rd7 e5 60.Rf7 g5
61.Rf1 h3 62.Rh1 Kg3 63.Rb1 Kg2 64.Rf1 g4 65.Rb1 h2 66.Rf1 g3 67.Re1 h1=Q 
68.Rxh1 Kxh1 0-1

[Event "Canada vs. England"]
[Site "CCCA"]
[Date "2007.01.22"]
[Round "2"]
[White "Wood, Ben A."]
[Black "Selby, Robin"]
[Result "1-0"]
[WhiteElo "1655"]
[BlackElo "1420"]
[EventDate "2007.01.22"]
[Board "26"]
[WhiteTeam "England"]
[BlackTeam "Canada"]

1.d4 d5 2.Nf3 Bg4 3.e3 Nf6 4.c4 e6 5.Nbd2 Bb4 6.Be2 Bxf3 7.Bxf3 O-O 8.Be2 
Bxd2+ 9.Bxd2 Re8 10.O-O h6 11.Qb3 b6 12.cxd5 Nxd5 13.Bf3 a6 14.Rac1 Ra7 
15.Rc2 a5 16.a4 Nf6 17.Rfc1 Re7 18.Rc3 Qd6 19.h3 e5 20.dxe5 Rxe5 21.Rd3 
Qe7 22.Bc3 Rg5 23.Bxf6 Qxf6 24.e4 Qg6 25.Rd8+ Kh7 26.Rxb8 Rc5 27.Rxc5 bxc5
28.Qb5 c6 29.Qxc5 Qf6 30.Qxa7 Kg6 31.Rb6 h5 32.Qxa5 Kh7 33.Qxh5+ Qh6 34.
Qxh6+ gxh6 35.Rxc6 Kg7 36.a5 f6 37.a6 Kg6 38.a7 1-0